| 000 | 00332nam a22001337a 4500 | ||
|---|---|---|---|
| 003 | SGT | ||
| 082 |
_a617.6342 _bG25J |
||
| 100 | _aJhalak | ||
| 245 | _aGP removal tchniques in retreatment cases in Endodontics | ||
| 260 |
_bSGT University _c2025 |
||
| 300 | _a79 | ||
| 650 | _aConservative Dentistry & Endodontics | ||
| 942 |
_2ddc _cTH |
||
| 999 |
_c31492 _d31492 |
||